Central Library OPAC University of Rajshahi

Digital processing of speech signals / (Record no. 52856)

MARC details
000 -LEADER
fixed length control field 00923nam a2200277 a 4500
001 - CONTROL NUMBER
control field 52856
003 - CONTROL NUMBER IDENTIFIER
rucl marc code BD-RjUL
005 - DATE AND TIME OF LATEST TRANSACTION
control field 20211209075853.0
008 - FIXED-LENGTH DATA ELEMENTS--GENERAL INFORMATION
fixed length control field 160927m20061993ii a b 001 0 eng
020 ## - INTERNATIONAL STANDARD BOOK NUMBER
International Standard Book Number 0132136031
035 ## - SYSTEM CONTROL NUMBER
System control number (BD-RjUL)52976
040 ## - CATALOGING SOURCE
Original cataloging agency DLC
Transcribing agency DLC
Modifying agency BD-RjUL
Language of cataloging eng
041 ## - LANGUAGE CODE
Language code of text/sound track or separate title eng
082 00 - DEWEY DECIMAL CLASSIFICATION NUMBER
Classification number 621.380412
Edition number 23
Author mark and year RAD 2006
100 1# - MAIN ENTRY--PERSONAL NAME
Personal name Rabiner, Lawrence R.,
Dates associated with a name 1943-
9 (RLIN) 158053
245 10 - TITLE STATEMENT
Title Digital processing of speech signals /
Statement of responsibility, etc. Lawrence R. Rabiner, Ronald W. Schafer.
260 ## - PUBLICATION, DISTRIBUTION, ETC. (IMPRINT)
Place of publication, distribution, etc. India :
Name of publisher, distributor, etc. Prentice-Hall,
Date of publication, distribution, etc. c1993 [impression 2006]
300 ## - PHYSICAL DESCRIPTION
Pagination 528 p. :
Illustrations ill. ;
Size 25 cm.
490 0# - SERIES STATEMENT
Series statement Prentice-Hall signal processing series
504 ## - BIBLIOGRAPHY, ETC. NOTE
Bibliography, etc Includes bibliographical references and index.
650 #0 - SUBJECT ADDED ENTRY--TOPICAL TERM
Topical term or geographic name as entry element Speech processing systems.
9 (RLIN) 158054
Topical term or geographic name as entry element Digital electronics.
9 (RLIN) 158055
700 1# - ADDED ENTRY--PERSONAL NAME
Personal name Schafer, Ronald W.,
Dates associated with a name 1938-
Relator term joint author.
942 ## - ADDED ENTRY ELEMENTS (KOHA)
Source of classification or shelving scheme Dewey Decimal Classification
Koha item type Books
Holdings
Lost status Source of classification or shelving scheme Damaged status Not for loan Collection code Permanent Location Current Location Shelving location Date acquired Source of acquisition Cost, normal purchase price Total Checkouts Full call number Date last seen Copy number Koha item type
  Dewey Decimal Classification     Non-fiction Central Library, University of Rajshahi Central Library, University of Rajshahi   08/06/2008 Dhaka paragon enterprises ltd. 265.00   621.380412 RAD 2006 28/09/2016 C-2 Books
  Dewey Decimal Classification   Not For Loan Non-fiction Central Library, University of Rajshahi Central Library, University of Rajshahi Reading Room 28/04/1998 Dhaka, Ahsania mission book dis. home. 3814.95   621.380412 RAD 2006 15/03/2017 C-1 Books